Normal view MARC view
  • Rodier, Louis

Entry Nombre Personal

Number of records used in: 1

001 - NUMERO DE CONTROL

  • campo de control: 53063

003 - IDENTIFICADOR DE NUMERO DE CONTROL

  • campo de control: MX-MxUPN

005 - FECHA Y HORA DE LA ÜLTIMA TRANSACCIÓN

  • campo de control: 20240816103809.0

008 - DATOS DE LONGITUD FIJA

  • campo de control de longitud fija: 240816|| acn||aabn | aaa d

040 ## - FUENTE DE CATALOGACIÓN

  • Agencia original de catalogación: MX-MxUPN
  • Lenguaje de catalogación: spa
  • Agencia de transcripción: MX-MxUPN

100 1# - ENCABEZAMIENTO - NOMBRE PERSONAL

  • Nombre personal: Rodier, Louis

370 ## - LUGAR ASOCIADO

  • Associated country: Francia

373 ## - GRUPO ASOCIADO

  • Associated group: Conseil départemental d'Instruction Publique Alpes Maritimes
  • Associated group: Ecole Nationale Préparatoire

374 ## - OCUPACIÓN

  • Occupation: Profesor

670 ## - FUENTE EN LA QUE SE LOCALIZARON DATOS

  • Cita de la fuente: Clef de la langue française,1911 :
  • Información localizada: portada (Louis Rodier ex membre du Conseil départemental d'Instruction Publique des Alpes Maritimes (France) Professeur à l'Ecole Nationale Préparatoire)

902 ## - CATALOGADOR

  • Catalogador: MaríaRobles/160824